Proofs from the Book
Αποθηκεύτηκε σε:
| Κύριος συγγραφέας: | |
|---|---|
| Άλλοι συγγραφείς: | , |
| Μορφή: | Βιβλίο |
| Γλώσσα: | English |
| Δημοσίευση: |
Berlin ; : New York :
Springer,
1999
|
| Έκδοση: | 2nd corr. print. |
| Θέματα: | |
| Ετικέτες: |
Προσθήκη ετικέτας
Δεν υπάρχουν, Καταχωρήστε ετικέτα πρώτοι!
|
MARC
| LEADER | 00000nam a2200000 i 4500 | ||
|---|---|---|---|
| 001 | 1/3667 | ||
| 008 | 991109s1999 eng d | ||
| 020 | |a 3-540-63698-6 | ||
| 035 | |l 10060876 | ||
| 040 | |a GR-MY-UA |b gre |e aacr | ||
| 041 | 0 | |a eng | |
| 082 | 0 | |a 510 | |
| 100 | 1 | |a Aigner, Martin |d 1942- | |
| 245 | 1 | 0 | |a Proofs from the Book / |c Martin Aigner, Gunter M. Ziegler ; with 220 figures including illustrations by Karl H. Hofmann |
| 250 | |a 2nd corr. print. | ||
| 260 | |a Berlin ; : |a New York : |b Springer, |c 1999 | ||
| 300 | |a viii, 399 p.; |b ill. (some col.); |c 25 cm. | ||
| 500 | |a Includes bibliographical references and index | ||
| 650 | 0 | 0 | |a Mathematics. |
| 700 | 1 | |a Ziegler, Gunter M. | |
| 700 | 1 | |a Hofmann, Karl Heinrich. |4 ill | |
| 852 | |a INST |b SAMOS |e 19991109 |h 510 AIG |p 005300017147 |q 005300017147 |t BK |y 4 |x 20200214 | ||
| 852 | |a INST |b SAMOS |e 20000522 |h 510 AIG |p 005300017206 |q 005300017206 |t BK |y 0 | ||
| 852 | |a INST |b SAMOS |e 20010117 |h 510 AIG |p 005300022383 |q 005300022383 |t BK |y 23 | ||
| 901 | |a BIBL3-2001-1 | ||
| 901 | |a BIBL3-1999-3 | ||
| 909 | |a Σ |b 081545 | ||
| 909 | |a Σ |b 067205 | ||
| 909 | |a Σ |b 077984 | ||
| 922 | |a 3ΕΛΗ |b 200006 |c ΕΠΕΑΕΚ/ΜΑΘ |d ΚΩΣΤΑΡΑΚΗΣ | ||
| 922 | |a 3ΕΛΗ |b 199907 |c ΕΠΕΑΕΚ/ΜΑΘ |d ΠΑΠΑΣΩΤΗΡΙΟΥ | ||
| 922 | |a 3ΕΛΗ |b 200005 |c ΤΜΗΜΑ ΜΘΗΜΑΤΙΚΩΝ |d ΠΑΠΑΣΩΤΗΡΙΟΥ | ||
| 970 | |a ΠΟΥΡΝΑΡΑΣ |b ΔΗΜΗΤΡΗΣ |z 1999/11/09 | ||